| 000 | 00507nam a2200193Ia 4500 | ||
|---|---|---|---|
| 003 | GCL | ||
| 008 | 140319s9999 xx 000 0 eng d | ||
| 040 |
_aGCL / _cGCL |
||
| 082 | 0 | 4 |
_a808.8 _bH C |
| 100 | 1 | _aEMERSON, RALPH WALDO | |
| 245 | 1 | 0 |
_aESSAYS AND ENGLISH TRAITS / _cEMERSON, RALPH WALDO |
| 260 |
_a[S.N] : _bGROLIER ENTERPRISES CARV ، _c1993 |
||
| 300 | _a474P | ||
| 650 | 0 | 4 | _aENGLISH LITERATURE |
| 650 | 0 | 4 | _aLITERATURE |
| 650 | 0 | 4 | _aENGLISH LANGUAGE |
| 650 | 0 | 4 | _aESSAYS |
| 942 |
_2ddc _cBK |
||
| 999 |
_c12366 _d12366 |
||